| 000 -LEADER |
| fixed length control field |
00704nam a22001337a 4500 |
| 040 ## - CATALOGING SOURCE |
| Transcribing agency |
RUA |
| 082 ## - DEWEY DECIMAL CLASSIFICATION NUMBER |
| Classification number |
AGR KEU 2021 B1-570 Or. |
| 100 ## - MAIN ENTRY--AUTHOR NAME |
| Personal name |
KEU BARANG គឺ បារាំង |
| 245 ## - TITLE STATEMENT |
| Title |
EVALUATION OF NEAR ISOGENIC LINE OF BACTERIAL LEAF BLISHT FOR RESISTANT GENE វាយតម្លៃស្រឡាយស្រូវបួនប្រភេទដែលធន់ទ្រាំទៅនឹងបាក់តេរីស្រពោនស្លឹកដែលបង្កដោយ Xanthomonas oryzae pv. Oryzae |
| 260 ## - PUBLICATION, DISTRIBUTION, ETC. (IMPRINT) |
| Place of publication |
PHNOM PENH |
| Name of publisher |
RUA |
| Year of publication |
2021 |
| 300 ## - PHYSICAL DESCRIPTION |
| Number of Pages |
X. 26P |
| Other physical details |
VIII. |
| Dimensions |
29CM |
| 856 ## - ELECTRONIC LOCATION AND ACCESS |
| Uniform Resource Identifier |
https://drive.google.com/file/d/1Mkdbxdu369VVH_9h2OewEPDdhc2vy3LY/view?usp=sharing |
| 942 ## - ADDED ENTRY ELEMENTS (KOHA) |
| Koha item type |
AGR |
| 952 ## - LOCATION AND ITEM INFORMATION (KOHA) |
| Withdrawn status [LOCAL, KOHA] |
0 |
| 952 ## - LOCATION AND ITEM INFORMATION (KOHA) |
| Withdrawn status [LOCAL, KOHA] |
0 |
| 952 ## - LOCATION AND ITEM INFORMATION (KOHA) |
| Withdrawn status [LOCAL, KOHA] |
0 |
| 952 ## - LOCATION AND ITEM INFORMATION (KOHA) |
| Withdrawn status [LOCAL, KOHA] |
0 |